|
|
|
|
| LEADER |
00000nab a2200000 a 4500 |
| 001 |
vtls009967588 |
| 003 |
SK-MaSNL |
| 005 |
20260304210829.0 |
| 008 |
250507c2008 xo |||||||||||000 b|slo |
| 015 |
|
|
|a SNBRB2009/11
|2 snkbucl
|
| 035 |
|
|
|a (sysno)vtls009967588
|
| 035 |
|
|
|a urn:nbn:sk:snk-ab7195
|
| 035 |
|
|
|a (uuid)cf693e01-85c6-448b-bf01-4209c4ec0156
|
| 035 |
|
|
|a (urnnbn)urn:nbn:sk:snk:ar-a06iki
|
| 038 |
|
|
|a SNKBUCL
|
| 040 |
|
|
|a SNKBUCL
|b slo
|c SNKBUCL
|e AACR2
|
| 041 |
0 |
|
|a slo
|b eng
|b slo
|
| 044 |
|
|
|a xo
|c SK
|
| 080 |
|
|
|a 620.193.95
|2 1997
|
| 080 |
|
|
|a 531.3:531.19
|2 1997
|
| 080 |
|
|
|a 004.94
|2 1997
|
| 080 |
|
|
|a 519.216
|2 1997
|
| 080 |
|
|
|a 531.19
|2 1997
|
| 100 |
1 |
|
|a Pršan, Ján
|4 aut
|9 26014
|
| 245 |
1 |
0 |
|a Frekvenčná analýza prevádzkových náhodných procesov, odhady spektrálnej hustoty
|c Ján Pršan, Marian Kučera, Vlastimil Malý
|
| 246 |
3 |
1 |
|a Frequency analysis of operating random processes, assessments of spectral power density
|
| 300 |
|
|
|b Obr., tab.
|
| 504 |
|
|
|a Bibliogr. odkazy
|
| 546 |
|
|
|a Res. angl., slov.
|
| 650 |
0 |
7 |
|a štatistická dynamika
|2 snkbucl
|9 381684
|
| 650 |
0 |
7 |
|a stochastické procesy
|2 snkbucl
|9 69219
|
| 650 |
0 |
7 |
|a periodogramy
|2 snkbucl
|9 1542403
|
| 650 |
0 |
7 |
|a počítačová simulácia
|2 snkbucl
|9 1866
|
| 650 |
0 |
7 |
|a Fisherov test
|2 snkbucl
|9 1542404
|
| 700 |
1 |
|
|a Kučera, Marian,
|d 1955-
|4 aut
|9 196408
|
| 700 |
1 |
|
|a Malý, Vlastimil,
|d 1956-
|4 aut
|9 193559
|
| 773 |
0 |
|
|t Acta technologica agriculturae
|g Roč. 11, č. 1 (2008), s. 19-23
|x 1335-2555
|
| 850 |
|
|
|a Slovenská národná knižnica
|
| 852 |
|
|
|a Slovenská národná knižnica
|
| 954 |
|
|
|a odborná, vedecká literatúra pôvodná (slovenská)
|2 lita
|
| 958 |
|
|
|a article27
|
| 958 |
|
|
|a NB
|
| 958 |
|
|
|a OND
|
| 958 |
|
|
|a EUIPO
|
| 999 |
|
|
|c 3127621
|d 3129551
|